000 01029nam0a22002651 4500
001 rc\4943313
005 20260407012815.0
021 _aRU
_b73-34386
021 _aRU
_bРг7646-73
035 _a(NLR Aleph) 008853796
090 _a8417339
_c8417339
100 _a20130426d1973 |||y0rusy50 ca
101 0 _arus
102 _aRU
105 _ay z |||||
200 1 _aФизкультура и здоровье
_fМ-во здрав. АзССР. Респ. дом сан. просвещения
210 _aБаку
_cБ. и.
_d1973
215 _a16 с.
_d20
300 _aПерепеч. из кн. "Физическая культура и спорт - источник здоровья", изд. в г. Кишиневе в 1968 г.
712 0 2 _aАзербайджанский республиканский дом санитарного просвещения
_cБаку
_3RU\NLR\AUTH\8810000711
_9498596
801 0 _aRU
_bNLR
_gpsbo
801 1 _aRU
_bELAR
_2rusmarc
852 _aNLR
_j73-4/14088
942 _cBOOK
980 _aNB